000 01328nab a22002177a 4500
999 _c6262
_d6262
003 OSt
005 20260128013046.0
008 190514b xxu||||| |||| 00| 0 spa d
040 _cPJ
100 _96971
_aZanino, Bárbara
245 1 3 _aLa aplicación del principio de autonomía progresiva en las políticas de transferencias sociales destinadas a niñas, niños y adolescentes /
_cBárbara Zanino.
300 _ap. 127-141
500 _aCita: TR LALEY AR/DOC/2514/2025.
505 _aSumario: I. Introducción.— II. El principio de autonomía progresiva y la dimensión de la autonomía patrimonial de las y los adolescentes.— III. La autonomía progresiva en el marco del Régimen de Asignaciones Familiares de la ley 24.714. La modificación que introdujo el dec. 840/2020 y sus limitaciones.— IV. Una respuesta que aplicó el estándar de la autonomía progresiva patrimonial para garantizar la protección social de una adolescente de 16 años.— V. Cierre provisorio.
505 _tSi te interesa el texto, comunicate a koha@justierradelfuego.gov.ar
650 0 _9967
_aDERECHO DE FAMILIA
650 0 _95662
_aADOLESCENTES
650 0 _94691
_aAUTONOMÍA PROGRESIVA
773 0 _02844
_93222
_dBuenos Aires : AbeledoPerrot, 1989-
_tDerecho de familia. N° 122 - Noviembre 2025
_z18511201
942 _2udc
_cANA